000 00767nam a22002537a 4500
003 PE SENCICO BE
005 20251020182623.0
008 221221b |||||||| |||| 00| 0 eng d
020 _a978-84-9936-145-1
040 _aPE SENCICO BE
_cPE SENCICO BE
041 _aspa
082 _a747
_bA57
100 1 _9329
_aAndreu, David
245 1 _aMadera arquitectura hoy /
_cDavid Andreu
250 _a[1a ed.]
260 _aBarcelona:
_bBooq Publishing,
_c2018
300 _a335 p. :
_bil. col., lams. ;
_c26 cm.
650 1 4 _9327
_aConstrucciones de madera
650 2 4 _9328
_aViviendas de estructuras de madera
650 2 4 _98
_aArquitectura de interiores
910 _bhfp
_chfp
942 _2ddc
_cLIB
_h747
_iA57
999 _c3715
_d3715